000 00639nam a2200229Ia 4500
005 20241216010109.0
008 180423s9999||||xx |||||||||||||| ||und||
020 _a950-02-7360-8
082 _a372.41
_bP45
100 _aPERRICONI GRACIELA Y OTROS
245 0 _aCOMO FORMAR CHICOS LECTORES
_bLECTURA Y JUEGO
250 _a0
260 _aARGENTINA
_bEL ATENEO
_c1994
300 _a88 pag.
_c22.5 cm
341 _h32.97
490 _v0
_a0
505 _aLECTURA-ENSEÑANZA PRIMARIA/PROYECTO-EVALUACION
541 _aC
_bSAN CRISTOBAL S.A.
_d21-Jun-99
_odólar
650 _aCIENCIAS SOCIALES
856 _zHumanidades
942 _cLIBRO
999 _c5423
_d5423